00413nam a2200145Ia 4500008004100000020001800041050002300059100002500082245004300107250001200150260005500162300002100217500002000238521000900258140527s9999 xx 000 0 und d a9780205731930 aHF 5387b.D38 2010 aDeGeorge, Richard T. aBusiness ethics /cRichard T. DeGeorge a7th ed. aUpper Saddle River, N.J. :bPrentice Hall,cc2010. a534 p. ;c24 cm. aIncludes index. aBSBA